[Event "FIDE World Cup"]
[Site "Tbilisi"]
[Date "2017.09.19"]
[Round "6.1"]
[White "So, Wesley"]
[Black "Ding, Liren"]
[Result "1/2-1/2"]
[WhiteElo "2810"]
[BlackElo "2777"]
[Annotator "Sagar Shah"]
[PlyCount "94"]
[EventDate "2017.09.03"]
[EventType "k.o."]
[EventRounds "7"]
[EventCountry "GEO"]
[SourceTitle "CBM 181"]
[Source "ChessBase"]
[SourceDate "2017.11.10"]
[SourceVersion "1"]
[SourceVersionDate "2017.11.10"]
[SourceQuality "1"]

1. e4 {[%emt 0:00:00]} e5 {[%emt 0:00:12] Black goes for the solid 1...e5 in
response to 1.e4. In such important encounters, it makes sense not to go for
Najdorfs and Caro-Kanns!} 2. Nf3 {[%emt 0:00:00]} Nc6 {[%emt 0:00:04]} 3. Bc4 {
[%emt 0:00:00] Wesley plays the Giuoco Piano. After the game he said that he
thought MVL was also White and there would be two Giuoco Pianos on the board!}
Nf6 {[%emt 0:00:22] Ding is not afraid of the move 4.Ng5!? Usually we see top
players reaching the main lines of Giuoco Piano through 3...Bc5 move order.} 4.
d3 {[%emt 0:00:14]} Bc5 {[%emt 0:00:10]} 5. c3 {[%emt 0:00:56]} d6 {[%emt 0:02:
56]} 6. O-O {[%emt 0:00:35]} O-O {[%emt 0:00:06]} 7. Re1 {[%emt 0:01:15]} a5 {
[%emt 0:00:47] The first person to play this move was Boris Spassky in 1989.
Later Eljanov and l'Ami played it in 2016. The idea is to create breathing
space for the dark squared bishop, but at the same time prevent queenside
expanstion by White. This does weaken the b5 square though.} 8. Nbd2 {[%emt 0:
07:05] Wesley had a good seven minute think and made this move.} Be6 {[%emt 0:
03:36]} 9. Bb5 {[%emt 0:05:15] The b5-square was weakened, so White makes use
of it. We are already in virgin territory.} Qb8 $5 {[%emt 0:01:08] What an
interesting idea by Ding Liren, taking a leaf out of the book of Akiba
Rubinstein, who made a similar manoeuvre against Janowski in Karlsbad 1907.
The queen will come to a7 and put more pressure on the a7-f2 diagonal.} 10. Nf1
{[%emt 0:17:51]} Qa7 {[%emt 0:01:31]} 11. Be3 {[%emt 0:08:03] Exchanging the
bishops is the most logical thing to do here.} Bxe3 {[%emt 0:02:10]} 12. Nxe3 {
[%emt 0:01:06]} Ne7 {[%emt 0:00:12] Black is preparing ...c6 and if possible
also ...d5.} 13. a4 {[%emt 0:02:06]} Ng6 {[%emt 0:07:09]} (13... c6 14. Bc4 d5
15. exd5 cxd5 16. Bb5 {and there can be some pressure on the e5-pawn in the
future.}) 14. Bc4 {[%emt 0:04:06]} Bxc4 {[%emt 0:05:25]} 15. Nxc4 {[%emt 0:00:
06] Such positions are deceptive. One might feel that they are equal and
perhaps they are. But one lapse in concentration and things can start going
wrong pretty quickly. Mainly I would say White has the chances here if he can
engineer the d4 break.} Qa6 {[%emt 0:00:49]} 16. g3 {[%emt 0:04:33] Stopping a
...Nf4 move.} Rfe8 {[%emt 0:01:49]} 17. Qb3 {[%emt 0:00:55]} Nf8 {[%emt 0:03:
58]} 18. Qb5 {[%emt 0:05:50] The White queen is well placed. Taking it will
move the pawn to b5 and help White to create some play down the a-file. But
can you tolerate this queen on b5?} Qxb5 {[%emt 0:08:59] After the game Ding
Liren said that he shouldn't have taken the queen and instead should have
continued with ...Ne6 or ...b6.} 19. axb5 {[%emt 0:00:04]} b6 {[%emt 0:00:03]}
20. Ra3 {[%emt 0:01:55]} Ne6 {[%emt 0:02:18]} 21. Ne3 {[%emt 0:00:44]} Nc5 {
[%emt 0:05:32]} 22. c4 {[%emt 0:00:11] This might seem like a move where White
has agreed to a locked position, but it turns out that Wesley has something to
play for here. Mainly to put his knight on c2 from e1 and then try for the b4
break.} a4 {[%emt 0:20:47] Ding Liren thought for nearly 20 minutes and came
up with this move.} ({Let's give the move to White to understand what he is
trying for.} 22... Z0 23. Rea1 {Now threatening b4} Rac8 24. Ne1 $14 {The
knight will go to c2 and prepare b4. It won't be an earth shattering advantage,
but White is better.}) 23. Rea1 {[%emt 0:08:02]} Nb3 {[%emt 0:00:57]} 24. Rd1 {
[%emt 0:01:45]} Rec8 {[%emt 0:01:10]} (24... Nc5 25. Ne1 $14) 25. Nd2 {[%emt 0:
01:05]} Nxd2 {[%emt 0:14:50]} (25... Nc5 26. Rda1 $14 (26. Nc2 {was what Ding
thought was pretty strong.} c6 {This seems like an error, but if this is not
played then White will just go from c2 to b4 and control the c6-square.} 27.
bxc6 Rxc6 28. b4 $16)) 26. Rxd2 {[%emt 0:00:01]} Nd7 {[%emt 0:00:10]} 27. Rd1 {
[%emt 0:07:05]} ({After the game Ding said that he would have gone for d3-d4
here.} 27. d4 exd4 28. Rxd4 Nc5 29. Nd5 $14) 27... Nc5 {[%emt 0:00:12] The
other knight has settled on c5, but White's knight on e3 has quite a lot of
scope as well. He will go to d5 and then to b4 and c6 or he can go to d1 and
c3. In general White has more ideas. Also the a4-pawn can become weak at some
point.} 28. Nd5 {[%emt 0:02:57]} Kf8 {[%emt 0:01:49]} 29. f4 {[%emt 0:00:02]
Wesley starts turning the screws on the kingside as well.} Ra5 {[%emt 0:03:00]}
30. Nb4 {[%emt 0:01:39]} Raa8 {[%emt 0:01:07]} 31. Kf2 {[%emt 0:01:05]} Ke8 {
[%emt 0:00:37]} 32. Ke3 {[%emt 0:00:40] Bringing the king to defend d3 is a
good idea. The rooks are now free to do something better.} f6 {[%emt 0:02:19]}
33. f5 {[%emt 0:07:57] At this point I entered the tournament hall and saw
that Wesley was looking extremely focused and confident. Ding on the other
hand was a tad nervous.} Kd7 {[%emt 0:00:13]} 34. g4 {[%emt 0:00:20] White's
plan is simple - go for a kingside breakthrough with g5.} Rh8 {[%emt 0:03:18]}
35. h4 {[%emt 0:01:40]} h6 {[%emt 0:02:00]} 36. Nd5 {[%emt 0:07:19]} Ra5 {
[%emt 0:00:50]} 37. Rg1 {[%emt 0:00:40]} Kc8 {[%emt 0:00:29]} 38. g5 $1 {
[%emt 0:02:21] I was expecting White to make a lot of moves before going for
this break. But Wesley makes this bold breakthrough on move 38, just two moves
away from the time control and having just one and a half minutes on his clock.
A bold decision for sure.} hxg5 {[%emt 0:01:44]} 39. hxg5 {[%emt 0:00:07]} Rh3+
{[%emt 0:00:25]} 40. Kd2 {[%emt 0:00:00]} Nb3+ $6 {[%emt 0:02:15][%cal Ga3b3]
A mistake on the 40th move.} (40... Rh2+ 41. Kc3 Rh3 42. gxf6 {Wesley has
calculated very accurately.} gxf6 (42... Rxd3+ 43. Kc2 $18) (42... Nxe4+ 43.
Kb4 Nxf6 44. Ne7+ Kb7 45. Rxg7 $16) 43. Kc2 Rh2+ 44. Kb1 $14) 41. Kc3 $2 {
[%emt 0:03:10] Wesley lets his opponent off the hook.} ({This was surely the
best move in the position. Whether it was winning or not is unclear, but it
surely gives White the best practical chances.} 41. Rxb3 $1 axb3 42. gxf6 gxf6
43. Kc3 $1 $16 {It is important to start with this move to not let Black's
rooks co-ordinate on the seventh rank.} (43. Rg7 $5 Rh2+ 44. Kc3 Ra2 45. Rxc7+
Kd8 $1 {I left the engine running for more than an hour when I went for
diinner in this position and I can confidently say that ...Kd8 draws.} (45...
Kb8 46. Rc6 $1 Raxb2 47. Rxb6+ Kc8 48. Rxd6 Rb1 49. Kb4 b2 50. Nb6+ Kb8 (50...
Kc7 51. Rd7+ Kxb6 52. c5#) 51. Rd8+ Kb7 52. Rd7+ Kb8 53. Kc5 $1 Ra1 54. Kc6
b1=Q 55. Rb7# {A very nice variation showing the co-ordination of White's
pieces.}) 46. Rc6 Raxb2 47. Rxd6+ Ke8 {Komodo 11.01 64-bit:} 48. Re6+ (48. Rxb6
Rb1 49. Rb8+ Kf7 50. Rb7+ $11) ({Komodo 11.01 64-bit:} 48. Nxf6+ Kf7 49. Rxb6
Rb1 50. Ng4 Rc2+ 51. Kb4 b2 52. Nh6+ Ke7 53. Re6+ Kf8 {[%eval 0,46]} 54. Rf6+
Ke8 55. Re6+ Kf8 {[%eval 0,46]}) ({Komodo 11.01 64-bit:} 48. Rxf6 Rb1 49. Kb4
b2 50. Re6+ Kf7 51. Rf6+ {[%eval 0,46]} Kg8 52. Rg6+ Kf7 53. Rf6+ {[%eval 0,46]
}) 48... Kf7 49. Rxf6+ Kg7 (49... Ke8 50. Nxb6 Rb1 51. Na4 b2 52. Kb3 Rd1 53.
Nxb2 Rb1 54. Kb4 (54. Re6+ Kf7 55. Rxe5 Rhxb2+ 56. Kc3 Rb3+ 57. Kd4 Rd1 $11)
54... Rbxb2+ 55. Kc5 Rhd2 56. Rd6 Rb3 57. Kc6 Rbxd3 58. Rxd3 Rxd3 59. b6 Rd4
60. b7 Rxc4+ 61. Kb5 $18 {and having the king on the last rank spells Black's
doom.}) 50. Rg6+ Kf7 51. Nxb6 Rb1 52. Na4 b2 53. Kb3 Ra1 54. Nxb2 Rb1 55. Kb4
Rbxb2+ 56. Kc5 Rb3 57. Rd6 Rd2 58. Kc6 Rdxd3 59. Rxd3 Rxd3 60. b6 Rd4 $11 {
[%eval 0,46]} 61. Kc5 Rd7 62. Kc6 Rd4 $11 {[%eval 0,46]}) (43. Rg8+ $1 {
This is an update! White is winning after this move.} Kd7 (43... Kb7 44. Rg7
Rh2+ 45. Kc3 Ra2 46. Rxc7+ Kb8 {The most important part being that the king is
stuck on the wrong side.} 47. Rc6 Raxb2 48. Rxb6+ Kc8 49. Rxd6 $1 {and this is
already winning as seen in variations starting with 43.Rg7.} Rb1 50. Kb4 b2 51.
Nb6+ Kb8 52. Rd8+ Kb7 53. Rd7+ Kb8 54. Kc5 Rc1 55. Kc6 b1=Q 56. Rb7#) 44. Nb4
$1 {Nc6 is a mating threat hence the king has to get out of there. This is a
very powerful move.} Ke7 45. Rc8 Rh2+ (45... Kd7 46. Rb8 $1 $18 {Nc6 will
either weave a mating net or attack the a5 rook.}) (45... Ra2 46. Nxa2 Kd7 47.
Rxc7+ $18) 46. Kc3 Ra2 (46... Ra1 47. Nd5+ Kf7 48. Rxc7+ Kf8 49. Nxb6 Rc1+ 50.
Kxb3 Rb1 51. Na4 $18 {White is completely winning.}) (46... Kf7 47. Rxc7+ Ke8
48. Rc6 $18) 47. Nxa2 Kd7 48. Rxc7+ $1 {A very strong idea pointed out by
ChessBase newspage reader Mark S.} (48. Ra8 bxa2 49. Rxa2 {This might also be
winning albeit with some effort.}) 48... Kxc7 49. Nb4 $1 {and this knight vs
rook endgame is completely winning. For eg.} Rh6 50. Nd5+ Kb7 51. Kxb3 Ka7 52.
Kc3 Kb7 53. b4 Ka7 (53... Rh2 54. Nxf6 $18) 54. c5 $1 bxc5 55. bxc5 dxc5 56.
Kc4 $18 {White's co-ordinated forces are no match for Black.}) 43... Rh7 {
This is what Wesley said after the game that he saw.} (43... Rh2 44. Kxb3 $16)
(43... Kb7 44. Rg7 $18) 44. Nxf6 Rf7 45. Nd5 Kb7 46. Kxb3 Ra8 {The discussion
can start at this point whether this is really better for White. But I think
it can also end at this point, saying that Wesley should have gone for this
variation irrespective of whether he is winning or not because he has the best
chances to press here. According to the official commentator Mirochnichenko,
White can put his rook on g6 and then try for something like b4-c5. Although I
am not really sure as both rooks can penetrate after b4 and start perpetual
checks. What do you think?}) 41... Nd4 $1 {[%emt 0:03:13]} 42. gxf6 {[%emt 0:
00:47]} Rh2 $1 {[%emt 0:01:54] Wesley sees that things have gone wrong and
immediately forces the draw.} (42... gxf6 43. Rg2 $1 $16 {And White is pushing
here.} (43. Rg7 $2 Rh2 $11)) (42... Ne2+ $2 43. Kd2 Nxg1 44. fxg7 Rg3 45. f6
$18) 43. Nxb6+ {[%emt 0:07:05]} (43. fxg7 $4 {would have ended the game
prematurely.} Rc2+ 44. Kb4 c5+ 45. bxc6 Nxc6#) 43... cxb6 {[%emt 0:07:41]} 44.
fxg7 {[%emt 0:00:15]} Rc2+ {[%emt 0:00:04]} 45. Kb4 {[%emt 0:00:01]} Rxb2+ $11
{[%emt 0:00:04] Ding can be happy with this result. He did equalise out of the
opening, but after that he was clearly worse. And So played really well to
only go back with the half point.} 46. Kc3 {[%emt 0:00:02]} Rc2+ {[%emt 0:00:
04]} 47. Kb4 {[%emt 0:00:01]} Rb2+ $11 {[%emt 0:00:03] Ding Liren can be happy
with this result. He did equalize out of the opening, but after that he was
clearly worse. And Wesley played really well to only go back with the half
point.} 1/2-1/2

[Event "Shenzhen Du Te Cup 3rd"]
[Site "Shenzhen"]
[Date "2019.04.18"]
[Round "2"]
[White "Giri, Anish"]
[Black "Harikrishna, Pentala"]
[Result "1-0"]
[WhiteElo "2797"]
[BlackElo "2723"]
[Annotator "Sagar Shah"]
[PlyCount "79"]
[EventDate "2019.04.17"]
[EventType "tourn"]
[EventRounds "10"]
[EventCountry "CHN"]
[EventCategory "21"]
[SourceTitle "CBM 190"]
[Source "ChessBase"]
[SourceDate "2019.06.30"]
[SourceVersion "1"]
[SourceVersionDate "2019.06.30"]
[SourceQuality "1"]

{[%evp 0,79,80,4,89,-8,16,17,21,55,4,-2,-1,-17,15,18,20,14,34,46,52,60,44,-12,
-8,-36,45,54,59,24,26,28,33,26,69,46,52,38,34,50,52,53,56,67,78,58,106,109,117,
118,156,153,147,130,133,128,128,128,136,136,130,118,123,122,123,120,135,120,
151,137,176,183,209,238,234,199,196,209,177,145,132,127]} 1. e4 e5 2. Nf3 Nc6
3. Bc4 Bc5 4. c3 Nf6 5. d3 O-O 6. O-O d5 7. exd5 Nxd5 8. Re1 Bg4 9. Nbd2 Nb6
10. h3 Bh5 (10... Bxf3 11. Qxf3 $14) 11. Bb3 Qxd3 12. Nxe5 {[%cal Gd3f5]} Bxd1
(12... Qf5 13. Nef3 {was seen recently in Raghunandan vs Sanal which was
analyzed on ChessBase India. Hari chooses to simplify. As the game progressed,
this decision does seem dubious.}) 13. Nxd3 Bxb3 14. axb3 (14. Nxc5 {is also a
move that has to be considered.} Bd5 15. Nxb7 $5 $16) 14... Be7 15. b4 a6 16.
Ne4 {White has his pieces better centralized looking at the c5 square and
Black has to be very careful not to land into a passive position.} Nd7 17. Bf4
Rac8 18. Rad1 {[%csl Gd1,Gd3,Ge1,Ge4,Gf4] Beautiful centralization!} Rfd8 19.
g4 {The king is the last piece that needs to be improved!} Bf8 20. Kg2 $1 {
[%csl Gg2] The sign of a classy player.} Re8 21. Bg3 f6 22. f4 Re7 23. f5 Rce8
24. Nf4 Nd8 {Hari blunders tactically, but his position was already very
difficult.} (24... Rxe4 25. Rxe4 Rxe4 26. Rxd7 Re7 27. Rd2 $18 {The knight
lands on e6 with great effect.}) 25. Rxd7 Rxd7 26. Nxf6+ gxf6 27. Rxe8 {
The rest is just a matter of technique for a player of Anish's calibre.} Kf7
28. Re3 Rd2+ 29. Re2 Rd1 30. Ne6 Nxe6 31. fxe6+ Ke8 32. Bxc7 Rd3 33. Bf4 Rd5
34. Kf3 Ke7 35. Re4 Bg7 36. Be3 f5 37. Bg5+ Bf6 38. Bxf6+ Kxf6 39. g5+ Kxg5 40.
Re3 1-0

[Event "Shenzhen Du Te Cup 3rd"]
[Site "Shenzhen"]
[Date "2019.04.21"]
[Round "5"]
[White "Yu, Yangyi"]
[Black "Harikrishna, Pentala"]
[Result "0-1"]
[WhiteElo "2751"]
[BlackElo "2723"]
[Annotator "Sagar Shah"]
[PlyCount "152"]
[EventDate "2019.04.17"]
[EventType "tourn"]
[EventRounds "10"]
[EventCountry "CHN"]
[EventCategory "21"]
[SourceTitle "CBM 190"]
[Source "ChessBase"]
[SourceDate "2019.06.30"]
[SourceVersion "1"]
[SourceVersionDate "2019.06.30"]
[SourceQuality "1"]

{[%evp 0,152,19,34,31,38,13,20,20,17,17,19,8,21,30,26,30,35,32,5,32,5,29,-18,0,
-15,-5,6,1,0,1,-12,-4,18,31,32,-38,-18,0,-49,0,0,0,0,0,0,-11,-1,-2,-40,-51,-64,
-77,-98,-87,-80,-94,-85,-81,-75,-68,-80,-72,-72,-76,-61,-68,-70,-49,-53,-34,
-26,-19,-15,-10,-10,0,-4,-20,-44,-28,-34,-33,-34,-21,-27,-27,-61,-44,-54,-49,
-49,-20,-85,-94,-171,-183,-205,-165,-175,-187,-183,-120,-116,-87,-128,-112,
-109,-54,-123,-130,-88,-39,-28,-35,-27,-26,-28,-28,-38,-6,-3,0,0,0,-436,-448,
-448,-448,-445,-448,-476,-476,-477,-477,-477,-482,-482,-482,-482,-482,-482,
-629,-565,-563,-572,-818,-982,-992,-1002,-1002,-1012,-1032,-1032,-29972] After
two wins against Rapport and Ding Liren, it seemed as if Harikrishna would
have a quiet day at the office, but it turned out to be just the opposite!
With the black pieces he ground out a tremendous win! Let's have a look and
learn from the man in form.} 1. e4 e5 2. Nf3 Nc6 3. Bc4 Bc5 4. O-O Nf6 5. d3 d6
6. c3 a6 7. a4 h6 8. Nbd2 O-O 9. Re1 Re8 10. Nf1 Ba7 11. Ng3 Be6 12. Bxe6 Rxe6
{All of this is pretty standard and has been seen in numerous games.} 13. b4 d5
14. Qb3 (14. Qc2 {has been played before. But Yu Yangyi chooses the more
active option with Qb3.}) 14... Qd7 15. h3 {It is useful to prevent idea like
Ng4 which will hit the f2 point.} Rd8 16. Bb2 dxe4 17. dxe4 Rd6 $1 {This move
deserves an exclamation because Hari saw that the move b4-b5 doesn't work.} 18.
Qc2 (18. b5 {It was important to make sure that this move doesn't work because
the e5 pawn is hanging.} Na5 $1 19. Qb4 {It seems as if Black is losing a pawn,
but here Black has} (19. Qa2 Qe6 $1 20. Ba3 Qxa2 21. Rxa2 Rd1 {Black has the
c4 square to play with.}) 19... c5 $3 {Not an easy move to spot.} 20. Qxa5 (20.
bxc6 Nxc6 $17) 20... Bb6 $19 {The queen is trapped.}) 18... Qe6 19. Red1 Rxd1+
20. Rxd1 Rxd1+ 21. Qxd1 Qc4 {Black has this small nagging edge which
Harikrishna is just so good at milking.} 22. Qb1 a5 $1 {I would call this a
typical Harikrishna move. He is looking for small tactics in a relatively
sterile position to unsettle his opponent.} 23. Nd2 (23. b5 Ne7 24. Nxe5 Qxa4
$13) 23... Qe6 24. Ba3 $6 {This cedes the all important d4 square.} (24. b5 {
might have been a better choice.} Nb8 25. c4 Nbd7 {Black still has squares to
play with but the position is much better than the game for White.}) 24... axb4
25. cxb4 Nd4 26. b5 Qb6 27. Kh2 Ne6 28. Nh1 $5 {A very awkward move to make,
but Yu Yangyi didn't want to play f2 and weaken his position.} (28. f3 Qf2 $17)
28... Qd4 29. Qc2 Qa1 30. Bb2 Qa2 31. Qb3 Qxb3 32. Nxb3 Nxe4 33. Bxe5 f6 (33...
Nxf2 34. Nxf2 Bxf2 35. a5 {is what Hari didn't want to allow.}) 34. f3 N4c5 35.
Nxc5 Bxc5 36. Bg3 {At first glance this would look like a position which is
around even. But there a few things that are going well for Black. His minor
pieces are more active and his king can quickly come to the game. White, on
the other hand, has the knight on h1 which is relatively passive and it is
difficult for the king to join the game.} b6 37. Nf2 Kf7 38. Nd3 Ke7 {[%cal
Rh2h1,Gd3c5]} 39. Kh1 $2 (39. Nxc5 $1 Nxc5 40. Bxc7 Nxa4 41. Kg3 Kd7 42. Bf4
Nc3 43. Be3 Kc7 44. Kg4 Nxb5 45. Kf5 {And White should be able to hold this
endgame with ease. Perhaps even start pushing.}) 39... Bd6 40. Bf2 Nd8 41. Be3
Nb7 42. Kg1 Ke6 43. Kf2 Kd5 44. Nf4+ Bxf4 45. Bxf4 Nd6 46. g4 (46. Kg3 {
It was important to use the king to threaten infiltration on the kingside.} g6
$5 47. Kf2 (47. Bxh6 Nf5+) 47... h5 48. g4 {Somehow White is getting more play
than what he did in the game.}) 46... Kc4 47. Bd2 Kb3 48. a5 bxa5 49. Bxa5 Nxb5
{This is still not trivial but Black is much better here.} 50. Ke3 Kc4 (50...
c5 {Getting the pawn going was the best.} 51. Ke4 g5 52. Kf5 Nd4+ 53. Kxf6 c4
54. Kg6 c3 55. Bxc3 (55. Kxh6 Nxf3 56. Bb6 Kc2 57. Be3 Kd1 {Somehow the bishop
is dominated and Nd2 followed by c2, c1 will win the game.}) 55... Kxc3 56.
Kxh6 Nxf3 $19) 51. Kf4 Nd4 52. Ke4 (52. Bxc7 Ne6+ $19) 52... c5 53. f4 Kb5 54.
Bc3 Ne2 55. Ba1 Kc4 56. g5 Ng3+ 57. Kf3 Nf5 $5 58. gxf6 gxf6 {[%cal Rf3g4,
Ga1f6]} 59. Kg4 (59. Bxf6 {This is not at all clear. I am not sure what
Harikrishna had in mind here.} Kd3 (59... h5 60. Ke4 $14) 60. Kg4 Nd4 61. f5 c4
62. Bxd4 Kxd4 63. f6 $11) 59... Ne3+ 60. Kh5 Nd5 61. Kxh6 Kb3 {The bishop has
been dominated on a1, but to win it will take time, so White should start
pushing his pawns.} 62. Kg6 {This looks like a losing move, but the tablebases
show that it is not!} (62. h4 Ka2 63. h5 Nxf4 (63... Kxa1 64. Kg7 Ne3 65. h6
Nf5+ 66. Kxf6 Nxh6 67. Ke5 $11) 64. Bxf6 $11) 62... Ka2 {[%csl Ra1]} 63. Bxf6
Nxf6 64. Kxf6 c4 65. f5 c3 66. Kg7 c2 67. f6 c1=Q 68. f7 Qg5+ 69. Kh7 Qf6 70.
Kg8 Qg6+ 71. Kf8 Kb3 72. h4 {[%csl Gg5]} Kc4 73. h5 $2 (73. Ke7 Qh7 74. Kf6 $1
(74. Ke8 $2 Kd5 75. f8=Q Ke6 $19) 74... Qh6+ (74... Qxh4+ 75. Kg7 {is a draw
already.}) 75. Ke7 Qe3+ (75... Qxh4+ 76. Ke8 Qh5 77. Ke7 Qe5+ 78. Kf8 (78. Kd7
{is also fine.} Qf6 79. Ke8 Qe6+ 80. Kf8 {Once the queen is on the e6 square,
the white king can come in front of the pawn and Black is not in time to get
his king.}) 78... Qh8+ 79. Ke7 Qh7 80. Kf6 $1 $11) 76. Kd7 Qf4 77. Ke7 Qe5+ 78.
Kd7 Qf6 79. Ke8 Qe6+ 80. Kf8 Kd5 81. Kg7 Qg4+ 82. Kh8 Qf5 83. Kg7 $11 Qg4+ 84.
Kh8 Qh5+ 85. Kg7 Qg4+ 86. Kh8 Qf5 87. Kg7 $11) 73... Qh7 74. Ke8 Kd5 $1 {
Hari finds the key move.} 75. h6 (75. f8=Q Ke6 $19) 75... Qe4+ (75... Ke6 76.
f8=N+ {You have to be careful!}) 76. Kd8 Ke6 (76... Ke6 77. f8=Q Qa8+ $19) 0-1